LEADER 01493oam 2200433 450 001 9910704616303321 005 20131112085241.0 035 $a(CKB)5470000002443556 035 $a(OCoLC)862805288 035 $a(OCoLC)995470000002443556 035 $a(EXLCZ)995470000002443556 100 $a20131112d2013 ua 0 101 0 $aeng 135 $aurcn||||||||| 181 $2rdacontent 182 $2rdamedia 183 $2rdacarrier 200 00$aNanomaterial composites for next generation water filters $ecooperative research and development final report 210 1$a[Golden, Colo.] :$cNational Renewable Energy Laboratory,$d2013. 215 $a1 online resource (2 pages) 225 1 $aNREL/TP ;$v7A10-53839 225 1 $aCRADA report 300 $aTitle from title screen (viewed on Nov. 12, 2012). 300 $a"April 2013." 300 $a"CRADA number: CRD-06-197." 300 $aNREL technical contact: David Ginley. 517 $aNanomaterial composites for next generation water filters 606 $aNanostructured materials$xMeasurement 606 $aWater$xPurification$xFiltration 615 0$aNanostructured materials$xMeasurement. 615 0$aWater$xPurification$xFiltration. 712 02$aNational Renewable Energy Laboratory (U.S.), 801 0$bGPO 801 1$bGPO 801 2$bGPO 906 $aBOOK 912 $a9910704616303321 996 $aNanomaterial composites for next generation water filters$93483788 997 $aUNINA LEADER 01622oam 22005294a 450 001 9910777629103321 005 20170815111614.0 010 $a0-7914-8131-X 010 $a1-4294-0510-4 035 $a(CKB)1000000000465818 035 $a(OCoLC)71851056 035 $a(CaPaEBR)ebrary10579228 035 $a(SSID)ssj0000097586 035 $a(PQKBManifestationID)11111808 035 $a(PQKBTitleCode)TC0000097586 035 $a(PQKBWorkID)10115042 035 $a(PQKB)10949382 035 $a(MiAaPQ)EBC3407805 035 $a(MdBmJHUP)muse6445 035 $a(EXLCZ)991000000000465818 100 $a20051013d2006 uy 0 101 0 $aeng 135 $aurcn||||||||| 181 $ctxt 182 $cc 183 $acr 200 14$aAdvaita Worldview, The$b[electronic resource] $eGod, World, and Humanity /$fAnantanand Rambachan 210 $aAlbany, NY $cState University of New York Press$dc2006 215 $a1 online resource (159 p.) 225 1 $aSUNY series in religious studies 300 $aBibliographic Level Mode of Issuance: Monograph 311 $a0-7914-6851-8 320 $aIncludes bibliographical references (p. 133-137) and index. 410 0$aSUNY series in religious studies. 606 $aHindu philosophy 606 $aAdvaita 608 $aElectronic books. 615 0$aHindu philosophy. 615 0$aAdvaita. 676 $a181/.482 700 $aRambachan$b Anantanand$f1951-$01469987 801 0$bMdBmJHUP 801 1$bMdBmJHUP 906 $aBOOK 912 $a9910777629103321 996 $aAdvaita Worldview, The$93831417 997 $aUNINA